Profil súčasného výtvarného umenia
| Other Authors: | |
|---|---|
| Format: | Journal |
| Language: | Slovak |
| PhysicalDescription: | zv. 22-33 cm |
| Published: |
Bratislava
Obzor
1991-
Bratislava Asociácia teoretikov, kritikov a historikov výtvarného umenia pri Slovenskej výtvarnej únii Bratislava Kruh súčasného umenia PROFIL |
| ISSN: | 1335-9770 |
| Subjects: | |
| Online Access: | http://www.profilart.sk/casopis-profil/ |
MARC
| LEADER | 00000cas a2200000 a 4500 | ||
|---|---|---|---|
| 001 | vtls001480808 | ||
| 003 | SK-MaSNL | ||
| 005 | 20260424102813.0 | ||
| 008 | 040830c19919999xo qr|p 0 0b0slo | ||
| 022 | |a 1335-9770 | ||
| 035 | |a SNK000436106 | ||
| 035 | |a (SVKBB03)vtls000056951 | ||
| 040 | |a SNK |b slo |c SNK |d SVKBB |d SAVUK |e AACR2 | ||
| 041 | 0 | |a slo |b eng | |
| 044 | |a xo |c SK | ||
| 072 | 7 | |a 72/76 |x Výtvarné umenie |2 konspekt | |
| 080 | |a 72/76 |2 2011 | ||
| 080 | |a 050 |2 2011 | ||
| 210 | 0 | |a Profil |b (Bratisl.) | |
| 222 | 0 | |a Profil |b (Bratislava) | |
| 245 | 0 | 0 | |a Profil súčasného výtvarného umenia |
| 246 | 1 | 1 | |a Contemporary art magazine |
| 246 | 1 | 3 | |a Profil |
| 260 | |a Bratislava |b Obzor |c 1991- | ||
| 260 | 2 | |3 1993-1994 |a Bratislava |b Asociácia teoretikov, kritikov a historikov výtvarného umenia pri Slovenskej výtvarnej únii | |
| 260 | 3 | |3 1995- |a Bratislava |b Kruh súčasného umenia PROFIL | |
| 300 | |a zv. |c 22-33 cm | ||
| 310 | |a 4x ročne |b 1996, 2000- | ||
| 321 | |a 2x ročne |b 1995 | ||
| 321 | |a 1x mesačne |b 1993-1994 | ||
| 321 | |a 2x mesačne |b 1991-1992 | ||
| 362 | 0 | |a Roč. 1, č. 1 (1991)-roč. 6, č. 3/4 (1996) ; roč. 7, č. 1 (2000)- | |
| 500 | |a Roč. 1/1991: formát 30 cm, roč. 2/1992-roč. 4/1994: formát 33 cm | ||
| 500 | |a Šéfredaktorka: ?2016- , Jana Geržová | ||
| 500 | |a Registračné č. MK SR: 25/90 | ||
| 500 | |a Registračné č. MK SR: 5381/16 | ||
| 515 | |a Vydávanie prerušené 1997-1999 | ||
| 546 | |a Res. angl. | ||
| 650 | 0 | 7 | |a výtvarné umenie |2 SNKPH |9 723 |
| 655 | 7 | |a špecializované časopisy |2 SNKPH |9 70509 | |
| 700 | 1 | |a Geržová, Jana |4 pbd |9 267256 | |
| 710 | 2 | |a Asociácia teoretikov, kritikov a historikov výtvarného umenia (Bratislava, Slovensko) |4 pbl |9 31966 | |
| 850 | |a Slovenská národná knižnica v Martine | ||
| 856 | 4 | 1 | |u http://www.profilart.sk/casopis-profil/ |
| 910 | |a savuk | ||
| 910 | |a snk | ||
| 910 | |a svkbb | ||
| 916 | |a 1991-2014, 2015-2020 | ||
| 999 | |c 3533 |d 5463 | ||
| 952 | |t č. 1-10 |a SNK |b SNK |y PREZ |7 0 |p 17A0368315 |o snkČSB 4133/4/1994 D1 |i snk2000/2354 |8 0 |0 0 |1 0 |4 0 |d 2002-12-17 |l 0 |r 2005-01-02 00:00:00 |w 2026-02-21 | ||
| 952 | |a SNK |b SNK |y PREZ |7 0 |p 17A0413201 |o snkČSB 4133/6/1996 D1 |i snkČSP 2629/2000 |8 0 |0 0 |1 0 |4 0 |d 2004-02-21 |l 0 |r 2005-01-02 00:00:00 |w 2026-02-21 | ||
| 952 | |a SNK |b SNK |y PREZ |7 0 |p 17A0445528 |o snkČSB 4133/5/1995 D1 |i snkČSP 2627/2000 |8 0 |0 0 |1 0 |4 0 |d 2004-10-06 |l 0 |r 2005-01-02 00:00:00 |w 2026-02-21 | ||
| 952 | |t č. 1-2 |a SNK |b SNK |y PREZ |7 0 |p 17A0445719 |o snkČSB 4133/5/1995 |i snkČSP 2626/2000 |8 0 |f 1 |0 0 |1 0 |4 0 |d 2004-10-08 |l 0 |r 2005-01-02 00:00:00 |w 2026-02-21 | ||
| 952 | |a SNK |b SNK |y PREZ |7 0 |p 17A0056500 |o snkČSB 4133/1/1991 D1 |8 0 |0 0 |1 0 |4 0 |d 1997-03-12 |l 0 |r 2005-01-02 00:00:00 |w 2026-02-21 | ||
| 952 | |t č. 1-24 |a SNK |b SNK |y PREZ |7 0 |p 17A0220735 |o snkČSB 4133/1/1991 |i snkČSP 5219/92 |8 0 |f 1 |0 0 |1 0 |4 0 |d 1999-12-02 |l 0 |r 2005-01-02 00:00:00 |w 2026-02-21 | ||
| 952 | |t č. 1-10 |a SNK |b SNK |y PREZ |7 0 |p 17A0355423 |o snkČSB 4133/4/1994 |i snkČSP 2353/2000 |8 0 |f 1 |0 0 |1 0 |4 0 |d 2002-09-12 |l 0 |r 2005-01-02 00:00:00 |w 2026-02-21 | ||
| 952 | |t č. 1-2 |a SNK |b SNK |y PREZ |7 0 |p 17A1557046 |o snkČSB 4133/28/2021/1 D1 |i snk2025/9800 |8 0 |0 0 |1 0 |4 0 |d 2025-06-19 |l 0 |r 2026-02-21 20:01:20 |w 2026-02-21 | ||
| 952 | |t č. 3-4 |a SNK |b SNK |y PREZ |7 0 |p 17A1557047 |o snkČSB 4133/28/2021/2 D1 |i snk2025/9802 |8 0 |0 0 |1 0 |4 0 |d 2025-06-19 |l 0 |r 2026-02-21 20:01:20 |w 2026-02-21 | ||
| 952 | |t č. 1-2 |a SNK |b SNK |y PREZ |7 0 |p 17A1557048 |o snkČSB 4133/29/2022/1 D1 |i snk2025/9803 |8 0 |0 0 |1 0 |4 0 |d 2025-06-19 |l 0 |r 2026-02-21 20:01:20 |w 2026-02-21 | ||
| 952 | |t č. 3-4 |a SNK |b SNK |y PREZ |7 0 |p 17A1557049 |o snkČSB 4133/29/2022/2 D1 |i snk2025/9804 |8 0 |0 0 |1 0 |4 0 |d 2025-06-19 |l 0 |r 2026-02-21 20:01:20 |w 2026-02-21 | ||
| 952 | |t č. 1-2 |a SNK |b SNK |y PREZ |7 0 |p 17A1557050 |o snkČSB 4133/30/2023/1 |i snk2025/9805 |8 0 |f 1 |0 0 |1 0 |4 0 |d 2025-06-19 |l 0 |r 2026-02-21 20:01:20 |w 2026-02-21 | ||
| 952 | |t č. 3-4 |a SNK |b SNK |y NEVYP |7 1 |p 17A1557051 |o snkČSB 4133/30/2023/2 |i snk2025/9806 |8 0 |f 1 |0 0 |1 0 |4 0 |d 2025-06-19 |l 0 |r 2026-02-21 20:01:20 |w 2026-02-21 | ||
| 952 | |t č. 1-2 |a SNK |b SNK |y PREZ |7 0 |p 17A1557052 |o snkČSB 4133/30/2023/1 D1 |i snk2025/9807 |8 0 |0 0 |1 0 |4 0 |d 2025-06-19 |l 0 |r 2026-02-21 20:01:20 |w 2026-02-21 | ||
| 952 | |t č. 3-4 |a SNK |b SNK |y PREZ |7 0 |p 17A1557053 |o snkČSB 4133/30/2023/2 D1 |i snk2025/9809 |8 0 |0 0 |1 0 |4 0 |d 2025-06-19 |l 0 |r 2026-02-21 20:01:21 |w 2026-02-21 | ||
| 952 | |t č. 1-2 |a SNK |b SNK |y PREZ |7 0 |p 17A1557054 |o snkČSB 4133/31/2024/1 |i snk2025/9810 |8 0 |f 1 |0 0 |1 0 |4 0 |d 2025-06-19 |l 0 |r 2026-02-21 20:01:21 |w 2026-02-21 | ||
| 952 | |t č. 3-4 |a SNK |b SNK |y NEVYP |7 1 |p 17A1557055 |o snkČSB 4133/31/2024/2 |i snk2025/9811 |8 0 |f 1 |0 0 |1 0 |4 0 |d 2025-06-19 |l 0 |r 2026-02-21 20:01:21 |w 2026-02-21 | ||
| 952 | |t č. 1-2 |a SNK |b SNK |y PREZ |7 0 |p 17A1465767 |o snkČSB 4133/27/2020/1 D1 |i snk2023/5601 |8 0 |0 0 |1 0 |4 0 |d 2023-04-03 |l 0 |r 2026-02-21 20:03:06 |w 2026-02-21 | ||
| 952 | |t č. 3-4 |a SNK |b SNK |y PREZ |7 0 |p 17A1465768 |o snkČSB 4133/27/2020/2 D1 |i snk2023/5602 |8 0 |0 0 |1 0 |4 0 |d 2023-04-03 |l 0 |r 2026-02-21 20:03:06 |w 2026-02-21 | ||
| 952 | |t č. 1-4 |a SNK |b SNK |y PREZ |7 0 |p 17A1463807 |o snkČSB 4133/25/2018 D1 |i snk2022/13222 |8 0 |0 0 |1 0 |4 0 |d 2022-08-31 |l 0 |r 2026-02-21 20:12:29 |w 2026-02-21 | ||
| 952 | |t č. 1-4, neúplné |a SNK |b SNK |y PREZ |7 0 |p 17A1463808 |o snkČSB 4133/26/2019 D1 |i snk2022/13223 |8 0 |z Chýba č. 4 |0 0 |1 0 |4 0 |d 2022-08-31 |l 0 |r 2026-02-21 20:12:29 |w 2026-02-21 | ||
| 952 | |t č. 1-4 |a SNK |b SNK |y PREZ |7 0 |p 17A0870874 |o snkČSB 4133/19/2012 D1 |i snk2014/28184 |8 0 |0 0 |1 0 |4 0 |d 2014-12-17 |l 0 |r 2026-02-21 20:42:47 |w 2026-02-21 | ||
| 952 | |a SNK |b SNK |y PREZ |7 0 |p 17A0121696 |o snkČSB 4133/2/1992 D1 |0 0 |1 0 |4 0 |d 1998-02-05 |l 0 |r 2005-01-02 00:00:00 |w 2026-02-21 | ||
| 952 | |t č. 1-24 |a SNK |b SNK |y PREZ |7 0 |p 17A0123886 |o snkČSB 4133/2/1992 |i snkČSP 5838/94 |f 1 |0 0 |1 0 |4 0 |d 1998-02-09 |l 0 |r 2005-01-02 00:00:00 |w 2026-02-21 | ||
| 952 | |t č. 1-12 |a SNK |b SNK |y PREZ |7 0 |p 17A0139684 |o snkČSB 4133/3/1993 D1 |i snkČSP 487/97 |0 0 |1 0 |4 0 |d 1998-06-05 |l 0 |r 2005-01-02 00:00:00 |w 2026-02-21 | ||
| 952 | |t č. 1-12 |a SNK |b SNK |y PREZ |7 0 |p 17A0238632 |o snkČSB 4133/3/1993 |i snkČSP 486/97 |f 1 |0 0 |1 0 |4 0 |d 2000-05-11 |l 0 |r 2005-01-02 00:00:00 |w 2026-02-21 | ||
| 952 | |t č. 1-2 |a SNK |b SNK |y PREZ |7 0 |p 17A1465857 |o snkČSB 4133/28/2021/1 |i snk2023/5754 |8 0 |f 1 |0 0 |1 0 |4 0 |d 2023-04-11 |l 0 |r 2026-02-21 21:09:39 |w 2026-02-21 | ||
| 952 | |t č. 3-4 |a SNK |b SNK |y PREZ |7 0 |p 17A1465858 |o snkČSB 4133/28/2021/2 |i snk2023/5755 |8 0 |f 1 |0 0 |1 0 |4 0 |d 2023-04-11 |l 0 |r 2026-02-21 21:09:39 |w 2026-02-21 | ||
| 952 | |t č. 1-2 |a SNK |b SNK |y PREZ |7 0 |p 17A1465859 |o snkČSB 4133/29/2022/1 |i snk2023/5765 |8 0 |f 1 |0 0 |1 0 |4 0 |d 2023-04-11 |l 0 |r 2026-02-21 21:09:39 |w 2026-02-21 | ||
| 952 | |t č. 3-4 |a SNK |b SNK |y PREZ |7 0 |p 17A1466083 |o snkČSB 4133/29/2022/2 |i snk2023/5768 |8 0 |f 1 |0 0 |1 0 |4 0 |d 2023-04-11 |l 0 |r 2026-02-21 21:09:40 |w 2026-02-21 | ||
| 952 | |t č. 1-4 |a SNK |b SNK |y PREZ |7 0 |p 17A0563028 |o snkČSB 4133/7/2000 |i snk2007/22703 |8 0 |f 1 |0 0 |1 0 |4 0 |d 2007-10-23 |l 0 |r 2026-02-21 21:22:32 |w 2026-02-21 | ||
| 952 | |t č. 1-4, neúplné |a SNK |b SNK |y PREZ |7 0 |p 17A0563029 |o snkČSB 4133/7/2000 D1 |i snk2007/22704 |8 0 |z Chýba č. 1 |0 0 |1 0 |4 0 |d 2007-10-23 |l 0 |r 2026-02-21 21:22:32 |w 2026-02-21 | ||
| 952 | |t č. 1-4 + obsah |a SNK |b SNK |y PREZ |7 0 |p 17A0563030 |o snkČSB 4133/8/2001 |i snk2007/22705 |8 0 |z obsah je v č. 1/2002 |f 1 |0 0 |1 0 |4 0 |d 2007-10-23 |l 0 |r 2026-02-21 21:22:32 |w 2026-02-21 | ||
| 952 | |t č. 1-4 + obsah |a SNK |b SNK |y PREZ |7 0 |p 17A0563031 |o snkČSB 4133/8/2001 D1 |i snk2007/22706 |8 0 |0 0 |1 0 |4 0 |d 2007-10-23 |l 0 |r 2026-02-21 21:22:32 |w 2026-02-21 | ||
| 952 | |t č. 1-4 + obsah |a SNK |b SNK |y PREZ |7 0 |p 17A0563032 |o snkČSB 4133/9/2002 |i snk2007/22707 |8 0 |f 1 |0 0 |1 0 |4 0 |d 2007-10-23 |l 0 |r 2026-02-21 21:22:34 |w 2026-02-21 | ||
| 952 | |t č. 1-4, neúplné |a SNK |b SNK |y PREZ |7 0 |p 17A0563033 |o snkČSB 4133/9/2002 D1 |i snk2007/22708 |8 0 |z Chýba č. 2.Obsah je v č. 1/2003 |0 0 |1 0 |4 0 |d 2007-10-23 |l 0 |r 2026-02-21 21:22:34 |w 2026-02-21 | ||
| 952 | |t č. 1-4 + obsah |a SNK |b SNK |y PREZ |7 0 |p 17A0563034 |o snkČSB 4133/10/2003 |i snk2007/22709 |8 0 |z obsah je v č. 3/2004 |f 1 |0 0 |1 0 |4 0 |d 2007-10-23 |l 0 |r 2026-02-21 21:22:34 |w 2026-02-21 | ||
| 952 | |t č. 1-4 + obsah |a SNK |b SNK |y PREZ |7 0 |p 17A0563035 |o snkČSB 4133/10/2003 D1 |i snk2007/22710 |8 0 |0 0 |1 0 |4 0 |d 2007-10-23 |l 0 |r 2026-02-21 21:22:34 |w 2026-02-21 | ||
| 952 | |t č. 1-4 + obsah |a SNK |b SNK |y PREZ |7 0 |p 17A0563036 |o snkČSB 4133/11/2004 |i snk2007/22745 |8 0 |z Obsah je v č. 1/2005 |f 1 |0 0 |1 0 |4 0 |d 2007-10-23 |l 0 |r 2026-02-21 21:22:34 |w 2026-02-21 | ||
| 952 | |t č. 1-4 + obsah |a SNK |b SNK |y PREZ |7 0 |p 17A0563037 |o snkČSB 4133/11/2004 D1 |i snk2007/22747 |8 0 |0 0 |1 0 |4 0 |d 2007-10-23 |l 0 |r 2026-02-21 21:22:35 |w 2026-02-21 | ||
| 952 | |t č. 1-4 |a SNK |b SNK |y PREZ |7 0 |p 17A0563038 |o snkČSB 4133/12/2005 |i snk2007/22748 |8 0 |f 1 |0 0 |1 0 |4 0 |d 2007-10-23 |l 0 |r 2026-02-21 21:22:35 |w 2026-02-21 | ||
| 952 | |t č. 1-4 |a SNK |b SNK |y PREZ |7 0 |p 17A0563039 |o snkČSB 4133/12/2005 D1 |i snk2007/22749 |8 0 |0 0 |1 0 |4 0 |d 2007-10-23 |l 0 |r 2026-02-21 21:22:35 |w 2026-02-21 | ||
| 952 | |t č. 1-2 |a SNK |b SNK |y PREZ |7 0 |p 17A1435785 |o snkČSB 4133/26/2019/1 |i snk2021/11003 |8 0 |f 1 |0 0 |1 0 |4 0 |d 2021-08-25 |l 0 |r 2026-02-21 21:39:57 |w 2026-02-21 | ||
| 952 | |t č. 3-4 |a SNK |b SNK |y PREZ |7 0 |p 17A1435786 |o snkČSB 4133/26/2019/2 |i snk2021/11004 |8 0 |f 1 |0 0 |1 0 |4 0 |d 2021-08-25 |l 0 |r 2026-02-21 21:39:57 |w 2026-02-21 | ||
| 952 | |t č. 1-2 |a SNK |b SNK |y PREZ |7 0 |p 17A1435787 |o snkČSB 4133/27/2020/1 |i snk2021/11005 |8 0 |f 1 |0 0 |1 0 |4 0 |d 2021-08-25 |l 0 |r 2026-02-21 21:39:57 |w 2026-02-21 | ||
| 952 | |t č. 3-4 |a SNK |b SNK |y PREZ |7 0 |p 17A1435788 |o snkČSB 4133/27/2020/2 |i snk2021/11006 |8 0 |f 1 |0 0 |1 0 |4 0 |d 2021-08-25 |l 0 |r 2026-02-21 21:39:57 |w 2026-02-21 | ||
| 952 | |t č. 1-4 |a SNK |b SNK |y PREZ |7 0 |p 17A0858771 |o snkČSB 4133/13/2006 |i snk2013/27012 |8 0 |f 1 |0 0 |1 0 |4 0 |d 2013-11-06 |l 0 |r 2026-02-21 21:43:24 |w 2026-02-21 | ||
| 952 | |t č. 1-4, neúplné |a SNK |b SNK |y PREZ |7 0 |p 17A0858772 |o snkČSB 4133/13/2006 D1 |i snk2013/27013 |8 0 |z chýba č. 2 |0 0 |1 0 |4 0 |d 2013-11-06 |l 0 |r 2026-02-21 21:43:24 |w 2026-02-21 | ||
| 952 | |t č. 1-4 |a SNK |b SNK |y PREZ |7 0 |p 17A0858774 |o snkČSB 4133/14/2007 |i snk2013/27014 |8 0 |f 1 |0 0 |1 0 |4 0 |d 2013-11-06 |l 0 |r 2026-02-21 21:43:24 |w 2026-02-21 | ||
| 952 | |t č. 1-4 |a SNK |b SNK |y PREZ |7 0 |p 17A0858776 |o snkČSB 4133/14/2007 D1 |i snk2013/27015 |8 0 |0 0 |1 0 |4 0 |d 2013-11-06 |l 0 |r 2026-02-21 21:43:24 |w 2026-02-21 | ||
| 952 | |t č. 1-4 |a SNK |b SNK |y PREZ |7 0 |p 17A0858777 |o snkČSB 4133/15/2008 |i snk2013/27016 |8 0 |f 1 |0 0 |1 0 |4 0 |d 2013-11-06 |l 0 |r 2026-02-21 21:43:24 |w 2026-02-21 | ||
| 952 | |t č. 1-4 |a SNK |b SNK |y PREZ |7 0 |p 17A0858778 |o snkČSB 4133/15/2008 D1 |i snk2013/27017 |8 0 |0 0 |1 0 |4 0 |d 2013-11-06 |l 0 |r 2026-02-21 21:43:24 |w 2026-02-21 | ||
| 952 | |t č. 1-4 |a SNK |b SNK |y PREZ |7 0 |p 17A0858779 |o snkČSB 4133/16/2009 |i snk2013/27018 |8 0 |f 1 |0 0 |1 0 |4 0 |d 2013-11-06 |l 0 |r 2026-02-21 21:43:24 |w 2026-02-21 | ||
| 952 | |t č. 1-4 |a SNK |b SNK |y PREZ |7 0 |p 17A0858780 |o snkČSB 4133/16/2009 D1 |i snk2013/27019 |8 0 |0 0 |1 0 |4 0 |d 2013-11-06 |l 0 |r 2026-02-21 21:43:24 |w 2026-02-21 | ||
| 952 | |t č. 1-4 |a SNK |b SNK |y PREZ |7 0 |p 17A0858781 |o snkČSB 4133/17/2010 |i snk2013/27020 |8 0 |f 1 |0 0 |1 0 |4 0 |d 2013-11-06 |l 0 |r 2026-02-21 21:43:24 |w 2026-02-21 | ||
| 952 | |t č. 1-4 |a SNK |b SNK |y PREZ |7 0 |p 17A0858782 |o snkČSB 4133/17/2010 D1 |i snk2013/27021 |8 0 |0 0 |1 0 |4 0 |d 2013-11-06 |l 0 |r 2026-02-21 21:43:24 |w 2026-02-21 | ||
| 952 | |t č. 1-4 |a SNK |b SNK |y PREZ |7 0 |p 17A0858783 |o snkČSB 4133/18/2011 |i snk2013/27022 |8 0 |f 1 |0 0 |1 0 |4 0 |d 2013-11-06 |l 0 |r 2026-02-21 21:43:24 |w 2026-02-21 | ||
| 952 | |t č. 1-4 |a SNK |b SNK |y PREZ |7 0 |p 17A0858784 |o snkČSB 4133/18/2011 D1 |i snk2013/27023 |8 0 |0 0 |1 0 |4 0 |d 2013-11-06 |l 0 |r 2026-02-21 21:43:25 |w 2026-02-21 | ||
| 952 | |t č. 1-4 |a SNK |b SNK |y PREZ |7 0 |p 17A0858785 |o snkČSB 4133/19/2012 |i snk2013/27024 |8 0 |f 1 |0 0 |1 0 |4 0 |d 2013-11-06 |l 0 |r 2026-02-21 21:43:25 |w 2026-02-21 | ||
| 952 | |t č. 1-4 |a SNK |b SNK |y PREZ |7 0 |p 17A0928061 |o snkČSB 4133/6/1996 |i snkČSP 2628/2000 |f 1 |0 0 |1 0 |4 0 |d 2013-11-18 |l 0 |r 2026-02-21 21:43:38 |w 2026-02-21 | ||
| 952 | |t č. 1-4 |a SNK |b SNK |y PREZ |7 0 |p 17A1144087 |o snkČSB 4133/20/2013 |i snk2015/16815 |8 0 |f 1 |0 0 |1 0 |4 0 |d 2015-05-27 |l 0 |r 2026-02-21 21:45:02 |w 2026-02-21 | ||
| 952 | |t č. 1-4 |a SNK |b SNK |y PREZ |7 0 |p 17A1144086 |o snkČSB 4133/20/2013 D1 |i snk2015/16816 |8 0 |0 0 |1 0 |4 0 |d 2015-05-27 |l 0 |r 2026-02-21 21:45:02 |w 2026-02-21 | ||
| 952 | |t č. 1-4 |a SNK |b SNK |y PREZ |7 0 |p 17A1144085 |o snkČSB 4133/21/2014 |i snk2015/16817 |8 0 |f 1 |0 0 |1 0 |4 0 |d 2015-05-27 |l 0 |r 2026-02-21 21:45:02 |w 2026-02-21 | ||
| 952 | |t č. 1-4 |a SNK |b SNK |y PREZ |7 0 |p 17A1100266 |o snkČSB 4133/21/2014 D1 |i snk2016/16728 |8 0 |z č. 1-4 |0 0 |1 0 |4 0 |d 2016-07-01 |l 0 |r 2026-02-21 21:47:08 |w 2026-02-21 | ||
| 952 | |t č. 1-4 |a SNK |b SNK |y PREZ |7 0 |p 17A1100265 |o snkČSB 4133/22/2015 |i snk2016/16729 |8 0 |f 1 |0 0 |1 0 |4 0 |d 2016-07-01 |l 0 |r 2026-02-21 21:47:08 |w 2026-02-21 | ||
| 952 | |t č. 1-4 |a SNK |b SNK |y PREZ |7 0 |p 17A1263938 |o snkČSB 4133/22/2015 D1 |i snk2017/19395 |8 0 |0 0 |1 0 |4 0 |d 2017-09-06 |l 0 |r 2026-02-21 21:49:09 |w 2026-02-21 | ||
| 952 | |t č. 1-4 |a SNK |b SNK |y PREZ |7 0 |p 17A1263937 |o snkČSB 4133/23/2016 |i snk2017/19396 |8 0 |f 1 |0 0 |1 0 |4 0 |d 2017-09-06 |l 0 |r 2026-02-21 21:49:10 |w 2026-02-21 | ||
| 952 | |t č. 1-4 |a SNK |b SNK |y PREZ |7 0 |p 17A1343836 |o snkČSB 4133/23/2016 D1 |i snk2019/6355 |8 0 |0 0 |1 0 |4 0 |d 2019-03-08 |l 0 |r 2026-02-21 21:51:12 |w 2026-02-21 | ||
| 952 | |t č. 1-4 |a SNK |b SNK |y PREZ |7 0 |p 17A1343837 |o snkČSB 4133/24/2017 |i snk2019/6356 |8 0 |f 1 |0 0 |1 0 |4 0 |d 2019-03-08 |l 0 |r 2026-02-21 21:51:12 |w 2026-02-21 | ||
| 952 | |t č. 1-4 |a SNK |b SNK |y PREZ |7 0 |p 17A1344331 |o snkČSB 4133/24/2017 D1 |i snk2019/10931 |8 0 |0 0 |1 0 |4 0 |d 2019-04-15 |l 0 |r 2026-02-21 21:59:05 |w 2026-02-21 | ||
| 952 | |t č. 1-4 |a SNK |b SNK |y PREZ |7 0 |p 17A1344332 |o snkČSB 4133/25/2018 |i snk2019/10933 |8 0 |f 1 |0 0 |1 0 |4 0 |d 2019-04-15 |l 0 |r 2026-02-21 21:59:06 |w 2026-02-21 | ||


